| 000 | 00491nam a22001937a 4500 | ||
|---|---|---|---|
| 005 | 20260604120916.0 | ||
| 008 | 260604b |||||||| |||| 00| 0 eng d | ||
| 020 |
_a9789353062989 _c1050.00 |
||
| 040 | _aMAIN | ||
| 041 | _aEnglish | ||
| 082 |
_a621.367 _bGON |
||
| 100 | _aGonzalez, Rafael C. | ||
| 245 | _aDigital image processing | ||
| 260 |
_aNew Delhi _bPearson _c2025 |
||
| 300 | _a1019 | ||
| 650 |
_aCommerce (PM USHA) _926705 |
||
| 700 |
_aWoods, Richard E _93549 |
||
| 942 | _cBK | ||
| 999 |
_c60997 _d60997 |
||